00575nam a22001817a 450000500170000000800410001702000180005804000180007608200220009410000160011624500920013225000140022426000510023830000250028965000280031465000160034265000350035820230411112521.0230411b ||||| |||| 00| 0 eng d a9789393749826 cAIMIT LIBRARY 228a336.294bRAFM aRafi, Mohd. aIndirect taxes :bcontaining gst customs ftp and comprehensive issues /cBy Mohd. Rafi. a28th ed. aNew Delhi :bBharat Law House Pvt Ltd ,c2022. a972p.;bPBc28.5 cm. aGoods and services tax  aCustoms act aForeign trade policy 2015-2020